00489nam a2200157Ia 450000500170000000800410001708200130005810000170007124500210008826000430010930000130015250000480016594200060021395200970021999900150031620250701024254.0240331s9999 xx 000 0 und d bARIa891 aAriyaratne,S 0aMahinda prabanda aColombobDayawansa Jayakody & Coc1987 a480 p ., aThe Poetical Works of Ven. Tibet S. Mahinda cL 001040708LaWERCLbWERCLcSSCd2024-03-31l0o 891.48 ARIp906r2024-03-31w2024-03-31yL c4920d4920